Clarificación de jugos de frutas por ultrafiltración /
Guardado en:
| Otros Autores: | |
|---|---|
| Formato: | Manuscrito |
| Idioma: | Spanish |
| Publicado: |
1995.
|
| Materias: | |
| Etiquetas: |
Agregar Etiqueta
Sin Etiquetas, Sea el primero en etiquetar este registro!
|
| LEADER | 00999ntm a22002535a 4500 | ||
|---|---|---|---|
| 001 | EIQ.libpla003117 | ||
| 008 | 071022s1995####ag#a#####bm###000#0#spa#d | ||
| 005 | 20071022192515.0 | ||
| 245 | 1 | 0 | |a Clarificación de jugos de frutas por ultrafiltración / |c Diana Constenla. |
| 260 | |c 1995. | ||
| 300 | |a vii, 179 p.. : |b il. ; |c 21 cm. | ||
| 502 | |a Tesis (doctorado)--Universidad Nacional del Sur. Departamento de Ingeniería Química, 1995. | ||
| 500 | |a Director de tesis: Dr. Jorge Enrique Lozano. | ||
| 504 | |a Incluye referencias bibliográficas. | ||
| 100 | 1 | |a Constenla, Diana. |4 dis | |
| 710 | 2 | |a Universidad Nacional del Sur (UNS). |b Dto. de Ingeniería Química |4 dgg. | |
| 650 | 4 | |a Alimento |x Tesis. | |
| 650 | 4 | |a Jugo de frutas |x Clarificación. | |
| 650 | 4 | |a Jugo de frutas |x Ultrafiltración. | |
| 650 | 4 | |a Food |x Thesis. | |
| 650 | 4 | |a Apple juice |x Clarification. | |
| 650 | 4 | |a Apple juice |x Ultrafiltration. | |
| 040 | |a AR-BbSID |b spa |c AR-BbSID | ||
| 859 | |a AR-BbSID |b BIB. PLAPIQUI |h 664.029 |i C 765 |p 4392 | ||
